<?xml version="1.0" encoding="UTF-8"?>
<record
    xmlns:xsi="http://www.w3.org/2001/XMLSchema-instance"
    xsi:schemaLocation="http://www.loc.gov/MARC21/slim http://www.loc.gov/standards/marcxml/schema/MARC21slim.xsd"
    xmlns="http://www.loc.gov/MARC21/slim">

  <leader>00583nam a22001817a 4500</leader>
  <datafield tag="010" ind1=" " ind2=" ">
    <subfield code="a">B-691986</subfield>
  </datafield>
  <datafield tag="020" ind1=" " ind2=" ">
    <subfield code="a">9788121940030</subfield>
    <subfield code="c">240.00</subfield>
  </datafield>
  <datafield tag="035" ind1=" " ind2=" ">
    <subfield code="a">B-691986</subfield>
  </datafield>
  <datafield tag="037" ind1=" " ind2=" ">
    <subfield code="b">RK Books</subfield>
  </datafield>
  <datafield tag="082" ind1=" " ind2=" ">
    <subfield code="2">339</subfield>
  </datafield>
  <datafield tag="100" ind1=" " ind2=" ">
    <subfield code="a">Mittal, Abha</subfield>
  </datafield>
  <datafield tag="245" ind1=" " ind2=" ">
    <subfield code="a">Macro Economics/</subfield>
    <subfield code="c">Abha Mittal</subfield>
  </datafield>
  <datafield tag="260" ind1=" " ind2=" ">
    <subfield code="a">New Delhi</subfield>
    <subfield code="b">S. Chand &amp; Company Pvt. Ltd.</subfield>
    <subfield code="c">2014</subfield>
  </datafield>
  <datafield tag="270" ind1=" " ind2=" ">
    <subfield code="a">Ram Nagar,</subfield>
    <subfield code="b">New Delhi</subfield>
    <subfield code="e">110055</subfield>
  </datafield>
  <datafield tag="300" ind1=" " ind2=" ">
    <subfield code="a">364p.</subfield>
    <subfield code="b">22cm (pbk)</subfield>
  </datafield>
  <datafield tag="942" ind1=" " ind2=" ">
    <subfield code="2">ddc</subfield>
    <subfield code="c">EN</subfield>
    <subfield code="h">339 </subfield>
    <subfield code="k">MIT</subfield>
  </datafield>
  <datafield tag="999" ind1=" " ind2=" ">
    <subfield code="c">152122</subfield>
    <subfield code="d">152122</subfield>
  </datafield>
  <datafield tag="952" ind1=" " ind2=" ">
    <subfield code="0">0</subfield>
    <subfield code="1">0</subfield>
    <subfield code="4">0</subfield>
    <subfield code="7">0</subfield>
    <subfield code="8">NFIC</subfield>
    <subfield code="a">L</subfield>
    <subfield code="b">L</subfield>
    <subfield code="d">2018-05-17</subfield>
    <subfield code="e">RK Books/IN335/16.05.2018/454/10.05.2018/17.05.2018</subfield>
    <subfield code="g">240.00</subfield>
    <subfield code="l">23</subfield>
    <subfield code="m">21</subfield>
    <subfield code="o">339 MIT</subfield>
    <subfield code="p">B-691986</subfield>
    <subfield code="r">2024-08-28 00:00:00</subfield>
    <subfield code="s">2024-08-12</subfield>
    <subfield code="t">1</subfield>
    <subfield code="v">240.00</subfield>
    <subfield code="y">EN</subfield>
  </datafield>
</record>
